000
00216 a2200073 4500
245
0
_a
Metally i ich zameniteli :
_b
Spravocnik /
_c
.
710
2
_a
Metallurgija.
_e
Wydawca
_4
pbl
260
_a
Moskva :
_b
Metallurgija,
_c
1973.
300
_a
438 s.;
_c
24 cm.
999
_c
11177
_d
11177